Islam versus Gandhi Mahatma / (Record no. 56151)
[ view plain ]
| 000 -LEADER | |
|---|---|
| fixed length control field | 00793nam a22002177a 4500 |
| 005 - DATE AND TIME OF LATEST TRANSACTION | |
| control field | 20110901122636.0 |
| 010 ## - LCCN (DPL NO) | |
| LC control number | G-001314 |
| 020 ## - INTERNATIONAL STANDARD BOOK NUMBER | |
| International Standard Book Number | 9788183872256 |
| Terms of availability | 695.00 |
| 035 ## - SYSTEM CONTROL NUMBER | |
| System control number | G-001314 |
| 037 ## - SOURCE OF ACQUISITION | |
| Source of stock number/acquisition | Gift |
| 082 ## - DEWEY DECIMAL CLASSIFICATION NUMBER | |
| Classification number | 954.035092 |
| 100 ## - MAIN ENTRY--PERSONAL NAME | |
| Personal name | Rao, P.A. Ramachandra |
| 245 ## - TITLE STATEMENT | |
| Title | Islam versus Gandhi Mahatma / |
| Statement of responsibility, etc | by P.A. Ramachandra Rao |
| 260 ## - PUBLICATION, DISTRIBUTION, ETC. (IMPRINT) | |
| Place of publication, distribution, etc | New Delhi |
| Name of publisher, distributor, etc | Serials Publications |
| Date of publication, distribution, etc | 2009 |
| 270 ## - ADDRESS | |
| Address | 4830/24, Prahlad Street, Ansari Road, Darya Ganj |
| City | New Delhi |
| Postal code | 110002 |
| 300 ## - PHYSICAL DESCRIPTION | |
| Extent | 228p. |
| Dimensions | 22cm (Hb) |
| 500 ## - GENERAL NOTE | |
| General note | Includes index |
| 942 ## - ADDED ENTRY ELEMENTS (KOHA) | |
| Source of classification or shelving scheme | Dewey Decimal Classification |
| Item type | English Books |
| Call number suffix | RAO |
| Classification part | 954.035092 |
| Withdrawn status | Lost status | Not for loan | Collection code | Home library | Current library | Date acquired | Source of acquisition | Cost, normal purchase price | Full call number | Barcode | Copy number | Cost, replacement price | Koha item type |
|---|---|---|---|---|---|---|---|---|---|---|---|---|---|
| Non-fiction | Janak Puri | Janak Puri | 01/09/2011 | gift | 695.00 | 954.035092 RAO | G-001314 | 1 | 695.00 | English Books |
